000 00623nam a2200193Ia 4500
005 20250508165211.0
008 008 250505s9999 xx 000 0 hin d
037 _aDissertations
040 _aFEDL
_beng
_cFEDL
041 _ahin
_2eng
084 _a370.193 46, BAL/DI
_qFEDL
100 _aBalbeer Singh
_9780150
245 0 _aGrameen parivesh ke kishore chhatron ki vyaktitva se sambandhit samsyaon ka adhyayan evam shikshak ki bhumika
260 _c2012
300 _a53p.
546 _aM.Ed. Dissertation, (Delhi University)
942 _cDIS
_h370.193 46, BAL/DI
999 _c1393742
_d1393742